Birleşmiş Ressamlar ve Heykeltraşlar Derneği (Record no. 2020)

MARC details
000 -BAŞLIK
Sabit Uzunlukta Kontrol Alanı 00620na a2200205 4500
001 - KONTROL NUMARASI
Denetim Alanı 16832
003 - KONTROL NUMARASI IDENTIFIER
Denetim Alanı MIRAKIL
005 - SON İŞLEM TARİHİ VE ZAMANI
Denetim Alanı 20181213154843.0
008 - SABİT-BOY VERİ ELEMANLARI - GENEL BİLGİLER
Sabit Uzunlukta Kontrol Alanı 161014b tu 000 0
040 ## - KATALOGLAMA KAYNAK
Orijinal Kataloglama Ajansı Milas
Kataloglama Dili tur
Metne Dönüştürmek Ajansı TR-AnCHP
041 ## - DİL KODU
Metin / Ses Parça Veya Ayrı Başlığın Dil Kodu tur
-- eng
082 ## - DEWEY ONLU SINIFLANDIRMA NUMARASI
Sınıflandırma Numarası 750
Ürün Numarası B56b 2011
090 ## - SINIFLAMA NUMARASI
Sınıflama Numarası 750 B56b 2011
110 ## - ANA GİRİŞ - KURUMSAL ADI
Giriş Elemanı Olarak Kurumsal Ad Veya Yargı Alanı Adı Birleşmiş Ressamlar ve Heykeltraşlar Derneği
245 ## - BAŞLIK TABLOSU
Başlık Birleşmiş Ressamlar ve Heykeltraşlar Derneği
Başlığın Kalan 41. yıl
260 ## - YAYIN, DAĞITIM, VB
Yayın, Dağıtım, Vb Yeri Ankara
Yayıncı, Dağıtıcı, Vs Adı Birleşmiş Ressamlar ve HeykeltraşlarDerneği
Yayın, Dağıtım, Vb Tarihi 2011
300 ## - FİZİKSEL TANIM
Kapsam 207 s.
Diğer Fiziksel Ayrıntıları res.
Boyutlar 30 sm.
650 ## - KONU KATMA GİRİŞ - TOPİKAL DÖNEM
Topikal Süreli Veya Coğrafi Ad Giriş Elemanı Resim
Genel Alt Bölümü Sergiler
Coğrafi Alt Bölümü Türkiye
942 ## - EKLENDİ GİRİŞ ELEMANLARI (KOHA)
Sınıflandırma Veya Raf Düzeni Kaynak Dewey Decimal Classification
Koha Öğesi Türü Books
999 ## - SİSTEM KONTROL NUMARALARI (KOHA)
Koha Biblionumber 2020
Koha Biblioitemnumber 2020
Holdings
Kalıcı Konum Mevcut Konum Edinme Tarihi Edinim Kaynak Toplam Check-Out'Lar Tam Çağrı Numarası Barkod Tarih Son Görülme İtibaren Geçerli Fiyatlar Koha Öğesi Türü
CHP Kütüphanesi CHP Kütüphanesi 10/14/2016 Bağış   750 B56b 2011 005753 10/14/2016 10/14/2016 Books